| 000 | 00466nam a2200193 a 4500 | ||
|---|---|---|---|
| 001 | 1757847043847 | ||
| 003 | ACL | ||
| 005 | 20250914162659.0 | ||
| 008 | 250914s1994##################000#0#eng## | ||
| 020 | _a9780415052986 | ||
| 082 | 0 | 4 |
_a791.430947 _bTAY |
| 100 | 1 |
_aTaylor, Richard, _eauthor. |
|
| 245 | 1 | 0 | _aThe Film Factory : |
| 260 |
_bPsychology Press, _c1994. |
||
| 300 | _a486 pages | ||
| 650 | 0 | _aHistory. | |
| 942 | _cENGLISH | ||
| 040 |
_aACL _beng _cACL |
||
| 999 |
_c586747 _d586747 |
||